Tạbaqāt fuhụ̄l al-shuʻarāʼ /

محفوظ في:

المؤلف الرئيسي: Jumaḥī, Muḥammad ibn Sallām, d. 845?

مؤلفون آخرون: Shākir, Maḥmūd Muḥammad.

التنسيق: كتاب

اللغة: Arabic

منشور في: Jiddah : Dār al-Madanī, 2005.

الموضوعات:

الوسوم: إضافة وسم

لا توجد وسوم, كن أول من يضع وسما على هذه التسجيلة!

رقم الطلب: PJ7521 .J85 2005 v.1-2

LEADER 00798nam a2200217Ia 4500
003 OSt
005 20241111081437.0
008 231106s2005 su h 001 0 ara
999 |c 54962  |d 54962 
040 |c ARCE Library 
050 4 |a PJ7521 .J85 2005 v.1-2 
100 1 |a Jumaḥī, Muḥammad ibn Sallām,   |d d. 845? 
245 1 0 |a Tạbaqāt fuhụ̄l al-shuʻarāʼ /   |c taʼlīf Muhạmmad ibn Sallām al-Jumahị̄ ; qaraʼahu wa-sharahạhu Mahṃūd Muhạmmad Shākir. 
264 1 |a Jiddah :   |b Dār al-Madanī,   |c 2005. 
300 |a 2 v. :   |b facsims. ;   |c 25 cm. 
500 |a Includes index in vol. 2 
650 0 |a Arabic poetry -- Islamic Empire -- Biographies. 
650 0 |a Poets, Arab -- Biography -- Dictionaries. 
700 1 |a Shākir, Maḥmūd Muḥammad.  
901 |a reviewed 
942 |2 lcc  |c BK